Muggie Maggie / (Record no. 1283)

MARC details
000 -LEADER
fixed length control field 01135cam a2200325 a 4500
005 - DATE AND TIME OF LATEST TRANSACTION
control field 20230815132154.0
020 ## - INTERNATIONAL STANDARD BOOK NUMBER
International Standard Book Number 0688085539 :
020 ## - INTERNATIONAL STANDARD BOOK NUMBER
International Standard Book Number 0439148057
020 ## - INTERNATIONAL STANDARD BOOK NUMBER
International Standard Book Number 0380710870
020 ## - INTERNATIONAL STANDARD BOOK NUMBER
International Standard Book Number 0688085547 (lib. bdg.)
040 ## - CATALOGING SOURCE
Original cataloging agency DLC
Transcribing agency DLC
Modifying agency DLC
Language of cataloging eng
050 00 - LIBRARY OF CONGRESS CALL NUMBER
Classification number PZ7.C5792
Item number Mu 1990
082 00 - DEWEY DECIMAL CLASSIFICATION NUMBER
Classification number [Fic]
Edition number 20
100 1# - MAIN ENTRY--PERSONAL NAME
Personal name Cleary, Beverly
245 10 - TITLE STATEMENT
Title Muggie Maggie /
Statement of responsibility, etc. Beverly Cleary ; illustrated by Tiegreen, Alan
250 ## - EDITION STATEMENT
Edition statement First Avon Camelot Printing : May 1991
260 ## - PUBLICATION, DISTRIBUTION, ETC.
Place of publication, distribution, etc. New York :
Name of publisher, distributor, etc. Morrow Junior Books,
Date of publication, distribution, etc. 1990.
300 ## - PHYSICAL DESCRIPTION
Extent 70 pages :
Other physical details Illustrations
Dimensions 20 cm
505 ## - FORMATTED CONTENTS NOTE
Formatted contents note R <br/>
520 ## - SUMMARY, ETC.
Summary, etc. Maggie resists learning cursive writing in the third grade, until she discovers that knowing how to read and write cursive promises to open up an entirely new world of knowledge for her.
521 ## - TARGET AUDIENCE NOTE
Target audience note 730 <br/>
Source Lexile <br/>
521 ## - TARGET AUDIENCE NOTE
Target audience note R <br/>
Source Raz-Plus <br/>
650 #1 - SUBJECT ADDED ENTRY--TOPICAL TERM
Topical term or geographic name entry element Penmanship
General subdivision Fiction.
650 #1 - SUBJECT ADDED ENTRY--TOPICAL TERM
Topical term or geographic name entry element Schools
General subdivision Fiction.
700 1# - ADDED ENTRY--PERSONAL NAME
Personal name Tiegreen ,Alan
Relator term Illustrator
906 ## - LOCAL DATA ELEMENT F, LDF (RLIN)
a 7
b cbc
c orignew
d 1
e ocip
f 19
g y-gencatlg
942 ## - ADDED ENTRY ELEMENTS (KOHA)
Source of classification or shelving scheme Dewey Decimal Classification
Koha item type Books
Suppress in OPAC No
999 ## -
-- 1283
-- 1283
Holdings
Withdrawn status Lost status Source of classification or shelving scheme Damaged status Not for loan Collection Home library Current library Shelving location Date acquired Total Checkouts Full call number Barcode Date last seen Date last checked out Copy number Price effective from Koha item type
    Dewey Decimal Classification     Juvenile Fiction Footprints International School Library Network Toul Kork Campus Footprints International School Library Network Toul Kork Campus   08/10/2023 1 CLE Fic PZ7.C5792 FIS00196 04/08/2025 01/29/2024 1 08/10/2023 Books
    Dewey Decimal Classification     Juvenile Fiction Footprints International School Library Network Toul Kork Campus Footprints International School Library Network Toul Kork Campus   08/10/2023 1 CLE Fic PZ7.C5792 FISBK05201 02/19/2024 01/29/2024 2 08/10/2023 Books